Best CoD weapon from each game - Statistics

General Stats
  • This quiz has been taken 11 times
  • The average score is 7 of 21
Answer Stats
Game Weapon Type Answer % Correct
MW3 Submachine Gun MP7
67%
MW2 Submachine Gun UMP45
67%
BO3 Shotgun 205 Brecci
56%
MWIII Assault Rifle MCW
56%
WaW Submachine Gun MP40
56%
MW19 Submachine Gun MP5
56%
BO2 Submachine Gun MSMC
56%
WWII Submachine Gun PPSh-41
56%
BO1 Assault Rifle Famas
33%
Ghosts Assault Rifle Honey Badger
33%
CoD4 Assault Rifle M16A4
33%
Mobile Assault Rifle M4
33%
CoD Support MP44
22%
MWII Assault Rifle TAQ-56
22%
AW Assault Rifle Bal-27
11%
BOCW Assault Rifle Krig 6
11%
CoD3 Semi-Automatic Rifle M1 Garand
11%
BO4 Submachine Gun VMP
11%
Vanguard Assault Rifle Automaton
0%
CoD2 Bolt-Action Rifle Mosin-Nagant
0%
IW Assault Rifle NV4
0%
No matching quizzes found
Score Distribution
Percent of People with Each Score
Percentile by Number Answered
Your Score History
You have not taken this quiz